000 00662nam a2200181 i 4500
001 124906
003 ES-MaACL
005 20230906192523.0
007 t|
008 070424s1933 sp ||||1| spa d
245 0 0 _aPatronato de homenajes a la vejez de Madrid
_b: año 1932.
260 _aMadrid :
_b[s.n.],
_c1933 (
_fImprenta y Encuadernación de los Sobrinos de la Sucesora de M. Minuesa de los Ríos)
300 _a26 p. :
_bil. ;
_c21 cm.
490 1 _aPublicaciones del Instituto Nacional de Previsión ;
_v358
830 0 _aPublicaciones del Instituto Nacional de Previsión ;
_v358
_9181151
852 _aES-MaACL
_jC-12630(9)
999 _c124906
_d124906